Clinical Handbook for OLDS' Maternal-Newborn Nursing & Women's Health across the Lifespan/ (Record no. 14963)
[ view plain ]
| 000 -LEADER | |
|---|---|
| fixed length control field | 01980cam a22004334a 4500 |
| 001 - CONTROL NUMBER | |
| control field | 14683030 |
| 005 - DATE AND TIME OF LATEST TRANSACTION | |
| control field | 20110112081001.0 |
| 008 - FIXED-LENGTH DATA ELEMENTS--GENERAL INFORMATION | |
| fixed length control field | 061228s2007 nju bf 001 0 eng |
| 010 ## - LIBRARY OF CONGRESS CONTROL NUMBER | |
| LC control number | 2006102687 |
| 020 ## - INTERNATIONAL STANDARD BOOK NUMBER | |
| International Standard Book Number | 9780132324410 (pbk.) |
| 020 ## - INTERNATIONAL STANDARD BOOK NUMBER | |
| International Standard Book Number | 0132324415 (pbk.) |
| 035 ## - SYSTEM CONTROL NUMBER | |
| System control number | (DNLM)101296288 |
| 040 ## - CATALOGING SOURCE | |
| Original cataloging agency | DNLM/DLC |
| Transcribing agency | DLC |
| Modifying agency | DLC |
| 042 ## - AUTHENTICATION CODE | |
| Authentication code | pcc |
| 050 00 - LIBRARY OF CONGRESS CALL NUMBER | |
| Classification number | RG951 |
| Item number | .O43 2007 |
| 060 10 - NATIONAL LIBRARY OF MEDICINE CALL NUMBER | |
| Classification number | WY 49 |
| Item number | D253c 2004 |
| 082 00 - DEWEY DECIMAL CLASSIFICATION NUMBER | |
| Classification number | 618.20231 |
| Edition number | 22 |
| Item number | OLD |
| 245 10 - TITLE STATEMENT | |
| Title | Clinical Handbook for OLDS' Maternal-Newborn Nursing & Women's Health across the Lifespan/ |
| 246 3# - VARYING FORM OF TITLE | |
| Title proper/short title | Clinical Handbook for OLDS' Maternal-Newborn Nursing and Women's Health across the Lifespan |
| 250 ## - EDITION STATEMENT | |
| Edition statement | 8th ed. |
| 260 ## - PUBLICATION, DISTRIBUTION, ETC. (IMPRINT) | |
| Place of publication, distribution, etc | Upper Saddle River, N.J. : |
| Name of publisher, distributor, etc | Prentice Hall,2007 |
| Date of publication, distribution, etc | c2007. |
| 300 ## - PHYSICAL DESCRIPTION | |
| Extent | vi, 426 p. : |
| Other physical details | ill. ; |
| Dimensions | 18 cm. |
| 500 ## - GENERAL NOTE | |
| General note | Rev. ed. of: Clinical handbook for maternal-newborn nursing & women's health care / Sally B. Olds ... [et al.]. 7th ed. c2004. |
| 504 ## - BIBLIOGRAPHY, ETC. NOTE | |
| Bibliography, etc | Includes bibliographical reference and index. |
| 650 #0 - SUBJECT ADDED ENTRY--TOPICAL TERM | |
| Topical term or geographic name as entry element | Maternity nursing |
| Form subdivision | Handbooks, manuals, etc. |
| 9 (RLIN) | 22312 |
| 650 #0 - SUBJECT ADDED ENTRY--TOPICAL TERM | |
| Topical term or geographic name as entry element | Neonatal nursing |
| Form subdivision | Handbooks, manuals, etc. |
| 9 (RLIN) | 22313 |
| 650 12 - SUBJECT ADDED ENTRY--TOPICAL TERM | |
| Topical term or geographic name as entry element | Maternal-Child Nursing |
| Form subdivision | Handbooks. |
| 9 (RLIN) | 22314 |
| 650 22 - SUBJECT ADDED ENTRY--TOPICAL TERM | |
| Topical term or geographic name as entry element | Maternal Welfare |
| Form subdivision | Handbooks. |
| 9 (RLIN) | 22315 |
| 650 22 - SUBJECT ADDED ENTRY--TOPICAL TERM | |
| Topical term or geographic name as entry element | Pregnancy Complications |
| General subdivision | prevention & control |
| Form subdivision | Handbooks. |
| 9 (RLIN) | 22316 |
| 650 22 - SUBJECT ADDED ENTRY--TOPICAL TERM | |
| Topical term or geographic name as entry element | Pregnancy, High-Risk |
| Form subdivision | Handbooks. |
| 9 (RLIN) | 22317 |
| 700 1# - ADDED ENTRY--PERSONAL NAME | |
| Personal name | Davidson, Michele R. |
| 9 (RLIN) | 22311 |
| 700 1# - ADDED ENTRY--PERSONAL NAME | |
| Personal name | Ladewig, Patricia W. |
| 9 (RLIN) | 22318 |
| 700 1# - ADDED ENTRY--PERSONAL NAME | |
| Personal name | London, Marcia L. |
| 9 (RLIN) | 22319 |
| 730 0# - ADDED ENTRY--UNIFORM TITLE | |
| Uniform title | Clinical handbook for maternal-newborn nursing & women's health care. |
| 9 (RLIN) | 22320 |
| 856 41 - ELECTRONIC LOCATION AND ACCESS | |
| Materials specified | Table of contents only |
| Uniform Resource Identifier | <a href="http://www.loc.gov/catdir/toc/ecip077/2006102687.html">http://www.loc.gov/catdir/toc/ecip077/2006102687.html</a> |
| 942 ## - ADDED ENTRY ELEMENTS (KOHA) | |
| Source of classification or shelving scheme | Dewey Decimal Classification |
| Item type | NB - Book (Non borrowing) |
| Withdrawn status | Item status | Source of classification or shelving scheme | Damaged status | Not for loan | Vendor | Home library | Current library | Shelving location | Date acquired | Source of acquisition | Total Checkouts | Full call number | Barcode | Date last seen | Date last borrowed | Koha item type |
|---|---|---|---|---|---|---|---|---|---|---|---|---|---|---|---|---|
| Dewey Decimal Classification | Central Library | Central Library | First floor | 28/02/2011 | 13 | 618.20231 DAV | 000022806 | 15/07/2025 | 18/12/2012 | NB - Book (Non borrowing) |